Bouncing light / (Record no. 9055)

MARC details
000 -LEADER
fixed length control field 01133nam a22002537a 4500
001 - CONTROL NUMBER
control field 9055
003 - CONTROL NUMBER IDENTIFIER
control field FISKH
005 - DATE AND TIME OF LATEST TRANSACTION
control field 20251128091923.0
008 - FIXED-LENGTH DATA ELEMENTS--GENERAL INFORMATION
fixed length control field 251118b cb ||||| |||| 00| 0 eng d
020 ## - INTERNATIONAL STANDARD BOOK NUMBER
International Standard Book Number 9780545430821
040 ## - CATALOGING SOURCE
Original cataloging agency FISKH
Language of cataloging eng
Transcribing agency FISKH
Modifying agency FISKH
082 ## - DEWEY DECIMAL CLASSIFICATION NUMBER
Classification number 535
100 ## - MAIN ENTRY--PERSONAL NAME
Personal name Scott, Janine
245 ## - TITLE STATEMENT
Title Bouncing light /
Statement of responsibility, etc. by Janine Scott
260 ## - PUBLICATION, DISTRIBUTION, ETC.
Place of publication, distribution, etc. New York :
Name of publisher, distributor, etc. Scholastic,
Date of publication, distribution, etc. 2011.
300 ## - PHYSICAL DESCRIPTION
Extent 28 pages :
Other physical details color illustrations ;
Dimensions 22 cm
505 ## - FORMATTED CONTENTS NOTE
Formatted contents note P<br/>
520 ## - SUMMARY, ETC.
Summary, etc. Bouncing Light explains how light travels and what happens when it hits different objects. The book shows how light can be reflected, bent, or absorbed, and uses clear examples that children can understand — like mirrors, shiny surfaces, water, and everyday objects.<br/><br/>It also teaches readers why we see things, how shadows form, and how light behaves in the natural world. With bright photos and simple explanations, the book helps students explore the basic science of light in a fun and hands-on way.
521 8# - TARGET AUDIENCE NOTE
Target audience note 610<br/>
Source Lexile IG<br/>
521 8# - TARGET AUDIENCE NOTE
Target audience note P<br/>
Source Raz-Plus<br/>
650 ## - SUBJECT ADDED ENTRY--TOPICAL TERM
Topical term or geographic name entry element Science
942 ## - ADDED ENTRY ELEMENTS (KOHA)
Source of classification or shelving scheme Dewey Decimal Classification
Koha item type Books
Suppress in OPAC No
Holdings
Withdrawn status Lost status Source of classification or shelving scheme Damaged status Not for loan Collection Home library Current library Shelving location Date acquired Total Checkouts Full call number Barcode Date last seen Copy number Price effective from Koha item type
    Dewey Decimal Classification     Non-Fiction Footprints International School Library Network Toul Tom Poung Campus Footprints International School Library Network Toul Tom Poung Campus TTP Primary Yellow Bookshelves 11/18/2025   SCO 535 PZ7 FISTK01874 11/18/2025 1 11/18/2025 Books
    Dewey Decimal Classification     Non-Fiction Footprints International School Library Network Toul Tom Poung Campus Footprints International School Library Network Toul Tom Poung Campus TTP Primary Yellow Bookshelves 11/28/2025   SCO 535 PZ7 FISBK05949 11/28/2025 2 11/28/2025 Books